000 00313nam a2200109Ia 4500
008 201223s9999 xx 000 0 und d
100 _aMallick, Ross
245 0 _aDevelopment Policy of a Communist Government : West Bengal Since 1977
260 _aCambridge
_bCambridge University Press
300 _a0
942 _cBK
999 _c8499
_d8499